00437nam a22001457a 4500020001500000082001500015100001900030245004000049260004900089300000800138650002300146942000700169952009800176999001700274 a0830817778 a226.03 GRE aGreen, Joel B. aDictionary of Jesus and the Gospels aLeicester, EnglandbIntervarsity Pressc1992 a933 aBible-Dictionaries cBK 001040708REFaHMIbHMIcREFd2018-04-13l0o226.03 GREp019620r2018-04-13w2026-01-16yBK c20892d20892